Welcome to WEB OPAC of MRSPTU Central Library

Biography of the great scientist Charles Darwin (ਮਹਾਨ ਵਿਗਿਆਨੀ ਚਾਰਲਸ ਡਾਰਵਿਨ ਜੀਵਨ) (Record no. 9902)

MARC details
000 -LEADER
fixed length control field 00484nam a22001337a 4500
003 - CONTROL NUMBER IDENTIFIER
control field OSt
005 - DATE AND TIME OF LATEST TRANSACTION
control field 20240320114247.0
008 - FIXED-LENGTH DATA ELEMENTS--GENERAL INFORMATION
fixed length control field 240320b |||||||| |||| 00| 0 eng d
040 ## - CATALOGING SOURCE
Transcribing agency Central Library MRSPTU
100 ## - MAIN ENTRY--PERSONAL NAME
Personal name Nadita Dass (ਨੰਦਿਤਾ ਦਾਸ)
245 ## - TITLE STATEMENT
Title Biography of the great scientist Charles Darwin (ਮਹਾਨ ਵਿਗਿਆਨੀ ਚਾਰਲਸ ਡਾਰਵਿਨ ਜੀਵਨ)
260 ## - PUBLICATION, DISTRIBUTION, ETC.
Place of publication, distribution, etc. Punjab
Name of publisher, distributor, etc. Piples Force Bagraddi Punjab
Date of publication, distribution, etc. 2008
942 ## - ADDED ENTRY ELEMENTS (KOHA)
Source of classification or shelving scheme Dewey Decimal Classification
Koha item type Book
Suppress in OPAC No
Holdings
Withdrawn status Lost status Source of classification or shelving scheme Damaged status Not for loan Collection Home library Current library Date acquired Total checkouts Barcode Date last seen Price effective from Koha item type
    Dewey Decimal Classification     BK MRSPTU Central Library MRSPTU Central Library 03/20/2024   G-64 03/20/2024 03/20/2024 Book

Website Designed and Developed by MRSPTU Central Library Team

E-mail Id: librarian@mrsptu.ac.in